| 000 | 01571nam a2200361Ia 4500 | ||
|---|---|---|---|
| 001 | ebr10380672 | ||
| 003 | CaPaEBR | ||
| 006 | m u | ||
| 007 | cr cn||||||||| | ||
| 008 | 070815s2006 dcu sb i000 0 eng d | ||
| 040 |
_aCaPaEBR _cCaPaEBR |
||
| 035 | _a(OCoLC)698585482 | ||
| 050 | 1 | 4 |
_aHB615 _b.P26 2006eb |
| 100 | 1 | _aPapaioannou, Michael G. | |
| 245 | 1 | 2 |
_aA primer for risk measurement of bonded debt from the perspective of a sovereign debt manager _h[electronic resource] / _c[prepared by] Michael Papaioannou. |
| 260 |
_a[Washington, D.C.] : _bInternational Monetary Fund, _cc2006. |
||
| 300 | _a47 p. | ||
| 490 | 1 |
_aIMF working paper ; _vWP/06/195 |
|
| 500 | _a"August 2006." | ||
| 504 | _aIncludes bibliographical references (p. 45-47). | ||
| 533 |
_aElectronic reproduction. _bPalo Alto, Calif. : _cebrary, _d2011. _nAvailable via World Wide Web. _nAccess may be limited to ebrary affiliated libraries. |
||
| 650 | 0 |
_aRisk _xEconometric models. |
|
| 650 | 0 |
_aInterest rates _xEconometric models. |
|
| 650 | 0 |
_aCredit _xEconometric models. |
|
| 650 | 0 |
_aLiquidity (Economics) _xEconometric models. |
|
| 650 | 0 |
_aGovernment securities _xEconometric models. |
|
| 650 | 0 |
_aDebts, Public _xEconometric models. |
|
| 655 | 7 |
_aElectronic books. _2local |
|
| 710 | 2 |
_aInternational Monetary Fund. _bMonetary and Capital Markets Dept. |
|
| 710 | 2 | _aebrary, Inc. | |
| 830 | 0 |
_aIMF working paper ; _vWP/06/195. |
|
| 856 | 4 | 0 |
_uhttp://site.ebrary.com/lib/rucke/Doc?id=10380672 _zAn electronic book accessible through the World Wide Web; click to view |
| 999 |
_c102684 _d102684 |
||